Organizing & Organizations (Record no. 6531)

MARC details
000 -LEADER
fixed length control field 00620nam a22002177a 4500
003 - CONTROL NUMBER IDENTIFIER
control field OSt
005 - DATE AND TIME OF LATEST TRANSACTION
control field 20200129164744.0
008 - FIXED-LENGTH DATA ELEMENTS--GENERAL INFORMATION
fixed length control field 200129b ||||| |||| 00| 0 eng d
020 ## - INTERNATIONAL STANDARD BOOK NUMBER
International Standard Book Number 9781848600867
040 ## - CATALOGING SOURCE
Transcribing agency DDC
082 ## - DEWEY DECIMAL CLASSIFICATION NUMBER
Classification number 658 FIN 2010
100 ## - MAIN ENTRY--PERSONAL NAME
Personal name Fineman, Stephen; Gabriel, Yiannis; Sims, David
9 (RLIN) 13417
245 ## - TITLE STATEMENT
Title Organizing & Organizations
250 ## - EDITION STATEMENT
Edition statement 4th ed.
260 ## - PUBLICATION, DISTRIBUTION, ETC. (IMPRINT)
Place of publication, distribution, etc. Los Angeles;
Name of publisher, distributor, etc. Sage,
Date of publication, distribution, etc. 2010
300 ## - PHYSICAL DESCRIPTION
Extent xv,504p;
Other physical details Ill:
Dimensions 23cm
504 ## - BIBLIOGRAPHY, ETC. NOTE
Bibliography, etc Bibliography, & indices included
650 ## - SUBJECT ADDED ENTRY--TOPICAL TERM
Topical term or geographic name as entry element Organizing organizations
9 (RLIN) 13418
650 ## - SUBJECT ADDED ENTRY--TOPICAL TERM
Topical term or geographic name as entry element Organizational management
9 (RLIN) 13419
942 ## - ADDED ENTRY ELEMENTS (KOHA)
Source of classification or shelving scheme Other/Generic Classification Scheme
Koha item type Open Shelf
Holdings
Withdrawn status Lost status Source of classification or shelving scheme Damaged status Not for loan Home library Current library Date acquired Source of acquisition Inventory number Total Checkouts Full call number Barcode Date last seen Koha item type Price effective from
    Dewey Decimal Classification     MUST Main Library MUST Main Library 29/01/2020 Donation 11/33122   658 FIN 2010 2020-0234 29/01/2020 Open Shelf  
    Dewey Decimal Classification     MUST Main Library MUST Main Library 13/09/2024 Donation 06/27319   658 FIN 2010 2024-22361 13/09/2024 Open Shelf 13/09/2024